00487 2200169 4500245007200000020002200072250001000094100001600104650002100120650001000141005001900151260009700170041001400267084000800281300001900289336000900308 aYa’ahowu b : Catatan Etnografis tentang NiascRaedu BashahText a978-602-437-548-5 aCet.1 aRaedu Basha aSastra Indonesia aEbook a20241105132916 aJakartabBadan Pengembangan dan Pembinaan Bahasa Kementerian Pendidikan dan Kebudayaanc2018 aIndonesia a813 a118 hlm :cPDF atext